The psychology of winning [

Bibliographic Details
Main Author: Waitley, Denis E
Format: Book
Published: Kuala Lumpur : Transforma Sdn. Bhd. , 19_.
Subjects:

MARC

LEADER 00000cam a2200000 7i4500
001 0000000079
002 000000092
005 20080513.0
020 |a T000000011 
090 0 0 |a 158.1   |b WAI 
100 1 |a Waitley, Denis E 
245 1 4 |a The psychology of winning [  |h kits]   |c Denis E. Waitley 
260 |a Kuala Lumpur :   |b Transforma Sdn. Bhd. ,   |c 19_. 
300 |a 6 sound cassette   |e 1 handbook 
650 0 0 |a Personal improvement 
999 |a KT0080   |b KASET   |c RUJUKAN   |e PERPUSTAKAAN KOMUNITI PETALING JAYA